Sports Quiz

Random Sports or Football Quiz

Sports Champions of 1991 Quiz Stats

 Plays Quiz not verified by Sporcle

Score 0/22 Timer 05:00
0 Plays Today
The Competition The Champions % Correct
SuperbowlNEW YORK GIANTS
75.6%
Wimbledon Women's SinglesSTEFFI GRAF
73.1%
NBACHICAGO BULLS
67.9%
Sports Illustrated Sportsman of the Year [Basketball]MICHAEL JORDAN
66.7%
Football League Division OneARSENAL
62.8%
US Open Men's Singles (Tennis)STEFAN EDBERG
57.7%
World SeriesMINNESOTA TWINS
51.3%
US Open Women's Singles (Tennis)MONICA SELES
48.7%
British Grand PrixNIGEL MANSELL
45.8%
Stanley CupPITTSBURGH PENGUINS
44.9%
Five Nations Rugby UnionENGLAND
44.9%
The Competition The Champions % Correct
FA CupTOTTENHAM HOTSPUR
39.7%
US Masters GolfIAN WOOSNAM
37.2%
Wimbledon Men's SinglesMICHAEL STICH
32.1%
English Rugby LeagueWIGAN
26.9%
British Open GolfIAN BAKER-FINCH
24.4%
County Cricket ChampionshipESSEX
21.8%
US Open GolfPAYNE STEWART
21.8%
World SnookerJOHN PARROTT
21.8%
NatWest Trophy (Cricket, 60 overs)HAMPSHIRE
20.5%
BBC Sports Personality of the Year [Athletics]LIZ MCCOLGAN
15.4%
Indianapolis 500RICK MEARS
12.5%

You're not logged in!

Compare scores with friends on all Sporcle quizzes.
OR
Log In

Show Comments

Extras

Top Quizzes Today


Score Distribution

Your Account Isn't Verified!

In order to create a playlist on Sporcle, you need to verify the email address you used during registration. Go to your Sporcle Settings to finish the process.

Report this User

Report this user for behavior that violates our Community Guidelines.

Details: